[Event "TUR-chT2"]
[Site "Konya"]
[Date "2018.07.14"]
[Round "8.10"]
[White "Demirelli, Ilyas Doguhan"]
[Black "Memis, Furkan"]
[Result "1-0"]
[WhiteElo "1804"]
[BlackElo "1739"]
[PlyCount "81"]
[EventDate "2018.07.10"]
[EventType "team-swiss"]
[EventRounds "9"]
[EventCountry "TUR"]
[SourceTitle "EXT 2019"]
[Source "ChessBase"]
[SourceDate "2018.10.10"]
[SourceVersion "1"]
[SourceVersionDate "2018.10.10"]
[SourceQuality "1"]
[WhiteTeam "Denizli Onay"]
[BlackTeam "Kanya Gambit"]
[WhiteTeamCountry "TUR"]
[BlackTeamCountry "TUR"]

1. e4 c6 2. d4 d5 3. exd5 cxd5 4. Bd3 Nc6 5. c3 Qc7 6. h3 Nf6 7. Nf3 g6 8. Nbd2 Bg7 9. Qe2 0-0 10. 0-0 Nd7 11. Nb3 e5 12. dxe5 Ndxe5 13. Nxe5 Bxe5 14. Be3 Re8 15. Qf3 Bh2+ 16. Kh1 Ne5 17. Qd1 Nxd3 18. Qxd3 Be6 19. Nd4 Be5 20. Rfe1 Rad8 21. Rad1 a6 22. Bg5 Rd7 23. Qf3 Kg7 24. Re2 h6 25. Bc1 g5 26. Nxe6+ fxe6 27. Rde1 Rf7 28. Qh5 Bf6 29. Rxe6 Rxe6 30. Rxe6 d4 31. h4 Qc4 32. Re1 dxc3 33. hxg5 hxg5 34. Bxg5 Bxg5 35. Qxg5+ Kf8 36. Qh6+ Rg7 37. Qf6+ Kg8 38. Re8+ Kh7 39. Qf5+ Rg6 40. Qh5+ Kg7 41. Qh8+ 1-0

[Event "TUR-chT2"]
[Site "Konya"]
[Date "2018.07.11"]
[Round "2.9"]
[White "Ozcan, Kadir Kutay"]
[Black "Memis, Furkan"]
[Result "1-0"]
[WhiteElo "1820"]
[BlackElo "1739"]
[PlyCount "81"]
[EventDate "2018.07.10"]
[EventType "team-swiss"]
[EventRounds "9"]
[EventCountry "TUR"]
[SourceTitle "EXT 2019"]
[Source "ChessBase"]
[SourceDate "2018.10.10"]
[SourceVersion "1"]
[SourceVersionDate "2018.10.10"]
[SourceQuality "1"]
[WhiteTeam "Mercan Egitim"]
[BlackTeam "Kanya Gambit"]
[WhiteTeamCountry "TUR"]
[BlackTeamCountry "TUR"]

1. e4 c6 2. d4 d5 3. Nc3 dxe4 4. Nxe4 Nd7 5. Ng5 Ngf6 6. Bd3 h6 7. Ne6 Qb6 8. Nxf8 Nxf8 9. Nf3 Bg4 10. c3 Ne6 11. h3 Bxf3 12. Qxf3 Nd5 13. 0-0 0-0 14. Re1 Qc7 15. Re5 Nf6 16. Bd2 Rfd8 17. Rae1 Rd5 18. Bc4 Rxe5 19. Rxe5 Nf8 20. Qg3 e6 21. Bxh6 Ng6 22. Bxe6 Kh7 23. Bg5 fxe6 24. Bxf6 Nxe5 25. Bxe5 Qf7 26. Qd3+ Kg8 27. f4 b5 28. g4 a5 29. h4 b4 30. c4 Rd8 31. Qf3 c5 32. dxc5 Qe7 33. Bd6 Qxh4 34. Kg2 Qf6 35. b3 Qb2+ 36. Qf2 Qb1 37. Qe2 Qg6 38. Kf3 Qh6 39. Kg3 a4 40. Qe4 Kf7 41. Qb7+ 1-0